| 000 | 01254nam0a2200337 i 4500 | ||
|---|---|---|---|
| 001 | RU\NLR\BIBL_A\010799057 | ||
| 005 | 20240921112619.0 | ||
| 010 | _a9785971022220 | ||
| 021 |
_aRU _b2015-37736 _92238 |
||
| 035 | _a(NILC)RuMoRGB-007936957 | ||
| 035 | _a(NLR Aleph) 010799057 | ||
| 090 |
_a10150454 _c10150454 |
||
| 100 | _a20150721d2015 k y0rusy50 ca | ||
| 101 | 0 | _arus | |
| 102 | _aRU | ||
| 105 | _aa|||z||||00yy | ||
| 200 | 1 |
_aСтрана Камино-де-Сантьяго _eсамое необычное путешествие по Испании _fГалина Парсегова |
|
| 205 | _aИзд. 2-е, испр. | ||
| 210 |
_aМосква _cURSS _cЛенанд _d2015 |
||
| 215 |
_a211 с. _cил. _d22 |
||
| 300 | _aНа 4-й с. обл. авт.: Галина Парсегова, журналист | ||
| 320 | _aДр. кн. авт. на 4-й с. обл. | ||
| 606 | 1 |
_aПаломничества _yИспания _92240649 _3RU\NLR\AUTH\6601575924 |
|
| 686 | 1 | _aЭ375-39(4Ис)-576 | |
| 700 | 1 |
_aПарсегова _bГ. З. _gГалина Зиадиновна |
|
| 801 | 0 |
_aRU _bРГБ _c20150521 _gRCR |
|
| 942 | _cBOOK | ||
| 980 | _aNBR | ||